000 00407nam a2200145Ia 4500
008 230917s9999||||xx |||||||||||||| ||und||
040 _e196497
_aMAIN
041 _aEnglish
082 _a327.54073 P196I
100 _aPant, Harsh V
245 0 _aUS-India nuclear pact: Policy, process and great power politics
260 _aNew Delhi
_bOxford University Press
_c2011
300 _ax, 150 p.
942 _cBK
999 _c163295
_d163295